03700nam a2200409 a 450000500170000000800410001702000260005802000230008403500170010703700160012404000180014008200060015810000310016424500630019526000400025827000760029830000210037452001420039594200200053799900170055795201670057495201670074195201550090895201670106395201670123095201710139795201810156895201710174995201710192095201690209195201710226095201690243195201690260095201690276995201810293895201710311920091219103358.0080508s2008 ctua 000 0 eng  a9788176559591c100.00 a8176559598c100.00 aB-389791-806 bScholastic  adplbEnglish  aS aRangachari, Devika 948424 aThe merry mischief of Gopal Bhand /cby Devika Rangachari  aGurgaon bScholasticc2009(repr.).  aGolf View Corporate Tower-A, 3rd Floor, DLF Phase-V, bGurgaon e122002 a91p.c20cm(pbk)  aCollects anecdotes from teenagers about friendship, peer pressure, self-acceptance, family life, relationships, and overcoming obstacles. 2ddccCHmRANhS c33246d33246 00102ddc40708FICaMbMd2010-06-24eScholastic /757/29.03.10/664/27.01.10/29.03.10g100.00l0oS RANpB-389791r2010-06-24 00:00:00t4v100.00w2010-06-24yCH 00102ddc40708FICaMbMd2010-06-24eScholastic /757/29.03.10/664/27.01.10/29.03.10g100.00l0oS RANpB-389792r2010-06-24 00:00:00t4v100.00w2010-06-24yCH 01102ddc40708FICaMbMd2010-06-24eScholastic /757/29.03.10/664/27.01.10/29.03.10g100.00l0oS RANpB-389793r2010-06-24 00:00:00t4v100.00yCH 00102ddc40708FICaMbMd2010-06-24eScholastic /757/29.03.10/664/27.01.10/29.03.10g100.00l0oS RANpB-389794r2010-06-24 00:00:00t4v100.00w2010-06-24yCH 00102ddc40708FICaLbLd2010-06-24eScholastic /757/29.03.10/664/27.01.10/29.03.10g100.00l0oS RANpB-389795r2010-06-24 00:00:00t1v100.00w2010-06-24yCH 00102ddc40708FICaBL1bBL1d2010-06-24eScholastic /757/29.03.10/664/27.01.10/29.03.10g100.00l0oS RANpB-389796r2010-06-24 00:00:00t1v100.00w2010-06-24yCH 00102ddc40708FICaJPbJPd2010-06-24eScholastic /757/29.03.10/664/27.01.10/29.03.10g100.00l6oS RANpB-389797r2013-04-11 00:00:00s2013-03-30t1v100.00w2010-06-24yCH 00102ddc40708FICaZLSbZLSd2010-06-24eScholastic /757/29.03.10/664/27.01.10/29.03.10g100.00l0oS RANpB-389798r2010-06-24 00:00:00t1v100.00w2010-06-24yCH 00102ddc40708FICaRKPbRKPd2010-06-24eScholastic /757/29.03.10/664/27.01.10/29.03.10g100.00l0oS RANpB-389799r2010-06-24 00:00:00t1v100.00w2010-06-24yCH 00102ddc40708FICaJBbJBd2010-06-24eScholastic /757/29.03.10/664/27.01.10/29.03.10g100.00l0oS RANpB-389800r2010-06-24 00:00:00t1v100.00w2010-06-24yCH 00102ddc40708FICaQRPbQRPd2010-06-24eScholastic /757/29.03.10/664/27.01.10/29.03.10g100.00l0oS RANpB-389801r2010-06-24 00:00:00t1v100.00w2010-06-24yCH 00102ddc40708FICaVPbVPd2010-06-24eScholastic /757/29.03.10/664/27.01.10/29.03.10g100.00l0oS RANpB-389802r2010-06-24 00:00:00t1v100.00w2010-06-24yCH 00102ddc40708FICaBNbBNd2010-06-24eScholastic /757/29.03.10/664/27.01.10/29.03.10g100.00l1oS RANpB-389803r2025-10-09 00:00:00s2021-12-28t1v100.00yCH 00102ddc40708FICaNRbNRd2010-06-24eScholastic /757/29.03.10/664/27.01.10/29.03.10g100.00l0oS RANpB-389804r2010-06-24 00:00:00t1v100.00w2010-06-24yCH 00102ddc40708FICaBNbBNd2010-06-24eScholastic /757/29.03.10/664/27.01.10/29.03.10g100.00l1oS RANpB-389805r2024-03-16 00:00:00s2024-03-09t1v100.00w2010-06-24yCH 00102ddc40708FICaBL4bBL4d2010-06-24eScholastic /757/29.03.10/664/27.01.10/29.03.10g100.00l0oS RANpB-389806r2010-06-24 00:00:00t1v100.00w2010-06-24yCH